Who Was Monarch? Quiz Stats

 Plays Quiz Updated Nov 17, 2018

     
Support Sporcle.
Go Orange.
Score 0/29 Timer 06:00
2 Plays Today
Event Monarch % Correct
Spanish ArmadaElizabeth I
93.4%
World War IIGeorge VI
83.3%
American RevolutionGeorge III
82.8%
English Civil WarCharles I
79.3%
Dissolution of the MonasteriesHenry VIII
75.9%
Signing of the Magna CartaJohn
75.3%
World War IGeorge V
70.5%
Third CrusadeRichard I
69.9%
Gunpowder PlotJames I
68.2%
Domesday BookWilliam I
67.4%
Great ExhibitionVictoria
63.7%
William Wallace's rebellionEdward I
60.6%
Great Fire of LondonCharles II
59.1%
Battle of Bosworth FieldRichard III
58.3%
Battle of AgincourtHenry V
58.2%
Event Monarch % Correct
Murder of Thomas BecketHenry II
55.2%
Decolonisation of AfricaElizabeth II
54.4%
Start of the Wars of the RosesHenry VI
48.2%
Burning of Thomas Cranmer at the stakeMary I
48%
Jacobite Rebellion (led by Bonnie Prince Charlie)George II
40%
Glorious RevolutionJames II
39.9%
Start of the Hundred Years' WarEdward III
38.2%
Peasants' RevoltRichard II
35.3%
Battle of BannockburnEdward II
32.3%
Introduction of the Book of Common PrayerEdward VI
32.2%
War of the Spanish SuccessionAnne
30.1%
Rebellions led by Lambert Simnel and Perkin WarbeckHenry VII
27%
Great Reform ActWilliam IV
24.8%
Calling of the first ParliamentHenry III
22.8%

From the Vault

TV Casts of the 1990s

by SporcleEXP

If you fail, you're actually doing some retroactive recasting.
Remove Ads.
Support Sporcle.
Get the best of Sporcle when you Go Orange. This ad-free experience offers more features, more stats, and more fun while also helping to support Sporcle. Thank you for becoming a member.

Show Comments

Extras

Top Quizzes Today


Score Distribution

Your Account Isn't Verified!

In order to create a playlist on Sporcle, you need to verify the email address you used during registration. Go to your Sporcle Settings to finish the process.

Report this User

Report this user for behavior that violates our Community Guidelines.

Details: